UM Logo

Mediating role of guest's attitude toward the impact of UGC benefits on purchase intention of restaurants; : (Record no. 23210)

MARC details
000 -LEADER
fixed length control field 00980nam a22002057a 4500
005 - DATE AND TIME OF LATEST TRANSACTION
control field 20250915151836.0
008 - FIXED-LENGTH DATA ELEMENTS--GENERAL INFORMATION
fixed length control field 241114b |||||||| |||| 00| 0 eng d
082 ## - DEWEY DECIMAL CLASSIFICATION NUMBER
Classification number DPer 647.95 J826 January-December 2021 v. 24 n. 1-6
100 ## - MAIN ENTRY--PERSONAL NAME
Personal name Najar, Ashaq Hussain.
Relator term author.
9 (RLIN) 64110
245 ## - TITLE STATEMENT
Title Mediating role of guest's attitude toward the impact of UGC benefits on purchase intention of restaurants; :
Remainder of title extending social action and control theories /
Statement of responsibility, etc. Ashaq Hussain Najar, and Abdul Hamid Rather.
260 ## - PUBLICATION, DISTRIBUTION, ETC. (IMPRINT)
Place of publication, distribution, etc. USA ;
Name of publisher, distributor, etc. Taylor and Francis Group, LLC ,
Date of publication, distribution, etc. May-June 2021.
300 ## - PHYSICAL DESCRIPTION
Extent Volume 24, pages 249-273 :
Other physical details illustration ;
Dimensions 26 cm.
500 ## - GENERAL NOTE
General note Journal of Foodservice Business Research, vol. 24, no. 3, pages 249-273, May-June 2021.
650 #0 - SUBJECT ADDED ENTRY--TOPICAL TERM
Topical term or geographic name as entry element Guest attitude.
9 (RLIN) 67467
650 #0 - SUBJECT ADDED ENTRY--TOPICAL TERM
Topical term or geographic name as entry element Hotel restaurants.
9 (RLIN) 67468
650 #0 - SUBJECT ADDED ENTRY--TOPICAL TERM
Topical term or geographic name as entry element Purchase intention.
9 (RLIN) 67469
700 ## - ADDED ENTRY--PERSONAL NAME
Personal name Najar, Ashaq Hussain.
Relator term author.
9 (RLIN) 64110
700 ## - ADDED ENTRY--PERSONAL NAME
Personal name Rather, Abdul Hamid.
Relator term author.
9 (RLIN) 64111
942 ## - ADDED ENTRY ELEMENTS (KOHA)
Source of classification or shelving scheme Dewey Decimal Classification
Koha item type Periodicals
Holdings
Withdrawn status Lost status Source of classification or shelving scheme Damaged status Not for loan Collection code Home library Current library Date acquired Total Checkouts Full call number Date last seen Price effective from Koha item type Public note
    Dewey Decimal Classification     Periodicals UM Digos College - LIC UM Digos College - LIC 11/14/2024   DPer 647.95 J826 January-December 2021 v. 24 n. 1-6 11/14/2024 11/14/2024 Periodicals Periodical Article